000 00321pab a2200145 454500
008 180718b1986 xxu||||| |||| 00| 0 eng d
100 _aAlmelu, S.
245 _aRural youth for social change
260 _c1986
300 _a513-16
362 _aAug.
650 _aYouth
773 _aKhadi Gramodyog
909 _a21080
999 _c21080
_d21080